| 000 | 00680nam a2200193Ia 4500 | ||
|---|---|---|---|
| 003 | GCL | ||
| 008 | 140319s9999 xx 000 0 ara d | ||
| 040 |
_aGCL / _cGCL |
||
| 082 | 0 | 4 |
_a301.361 _bع هـ |
| 100 | 1 | _aعبدالقادر القصير | |
| 245 | 1 | 0 |
_aالهجرة من الريف الى المدن : دراسة ميدانية اجتماعية عن الهجرة من الريف الى المدن فى المغرب / _cعبدالقادر القصير |
| 300 | _a399 ص | ||
| 490 | _a | ||
| 650 | 0 | 4 | _aالهجرة |
| 650 | 0 | 4 | _aالهجرة الداخلية |
| 650 | 0 | 4 | _aالاجتماع، علم |
| 650 | 0 | 4 | _aالمجتمعات الحضارية |
| 942 |
_2ddc _cBK |
||
| 999 |
_c49407 _d49407 |
||